000 00904cab a2200253 4500
001 ABS59868
008 090401t1998 xxu||||| |||| 00| 0 eng d
035 _a(Sirsi) u90424
041 _aeng
100 _aAppleby, M.
245 _aUpland futures: policy changes or practical initiatives
260 _c1998
350 _a0
490 _aRural Property Bulletin
_vNovember 1998, 23-25(2)
520 _aDetailed look at prospects for Britain`s upland farming communities. Calls for investment in rural areas and reform of the Common Agricultural Policy to redirect funding toward rural economies. Suggests in national terms the need for a localised overview of initiatives.
650 _aAGENDA 2000
650 _aCAP REFORM
650 _aCOMMON AGRICULTURAL POLICY
650 _aRURAL ECONOMY
650 _aUPLAND AREAS
690 _aRURAL PRACTICE
942 _n0
948 _c21/12/1998
999 _c57331
_d57331